000 00383nam a2200157Ia 4500
008 230312s9999||||xx |||||||||||||| ||und||
020 _a9788123916729
082 _a612
_bANE-H
100 _aAnees A.Siddiqui
245 0 _aText book of Hospital Pharmacy
260 _bCBS Publisher
_c2009
300 _a310
546 _aEng.
650 _aPharmacy
_vHospital Pharmacy
942 _cBK
999 _c4441
_d4441